| 000 | 01127nam a2200325 i 4500 | ||
|---|---|---|---|
| 001 | 16426 | ||
| 003 | ES-MaACL | ||
| 005 | 20250831063031.0 | ||
| 007 | t| | ||
| 008 | 000919s1986 mx ||||1| spa d | ||
| 020 | _a968-452-134-0 | ||
| 080 | _a910.4(460) | ||
| 080 | _a910.4(469) | ||
| 080 | _a980.3"../1830" | ||
| 100 | 1 |
_aPereyra, Carlos, _d1871-1942 _eaut _990541 |
|
| 245 | 1 | 3 |
_aLa conquista de las rutas oceánicas ; _bLa obra de España en América / _cCarlos Pereyra ; prólogo de Silvio Zavala |
| 260 |
_aMéxico : _bPorrúa, _c1986 |
||
| 300 |
_aXXIII, 272 páginas ; _c22 cm |
||
| 490 | 1 |
_aSepan cuantos_ _v498 _9180801 |
|
| 650 | 7 |
_aDescubrimientos geográficos españoles _2embne _911831 |
|
| 650 | 0 | 7 |
_aDescubrimientos geográficos portugueses _2embne _911832 |
| 651 | 4 |
_aAmérica española- _xHistoria _97723 |
|
| 700 | 1 |
_aZavala, Silvio, _d1909-2014 _eaui _9118108 |
|
| 740 | 3 | 2 | _aLa obra de España en América. |
| 830 | 0 |
_aSepan cuantos_ _v498 _9180801 |
|
| 852 | 4 |
_aES-MaACL _cDEPO2 _jG-2135 |
|
| 942 |
_2udc _cMONOGRAFIA _n0 |
||
| 999 |
_c16426 _d16426 |
||